000 01050nam a2200325 i 4500
001 18600
003 ES-MaACL
005 20250815050348.0
007 t|
008 011015s2000 sp ||||0| spa j
020 _a84-323-1056-5
040 _aM-BN
_bspa
_cM-BN
080 _a929 Goethe, Johann Wolfgang von
080 _a929 Vulpius, Christiane
100 1 _aDamm, Sigrid.
_942576
245 1 0 _aChristiane y Goethe
_b: historia de una relación /
_cSigrid Damm ; [traducción de Rosa Pilar Blanco].
250 _a1ª ed. en castellano.
260 _aMadrid :
_bSiglo XXI de España,
_c[2000]
300 _a439 p ;
_c23 cm.
490 1 _aBiografías
504 _aBibliografía: p. 424-433.
600 1 4 _aGoethe, Johann Wolfgang von,
_d1749-1832
_957568
600 1 4 _aVulpius, Christiane.
_9115783
700 1 _aBlanco, Rosa Pilar
_929205
830 0 _aBiografías
_9180531
830 0 _aBiografías (Siglo XXI)
_9119527
852 _aES-MaACL
_jL-25163
_bR.130399
999 _c18600
_d18600